| 000 | 00685nam a2200241Ia 4500 | ||
|---|---|---|---|
| 005 | 20260430150644.0 | ||
| 008 | 008 250103s9999 xx 000 0 eng d | ||
| 037 | _aTheses | ||
| 040 | _aCRL | ||
| 040 | _beng | ||
| 040 | _ceng | ||
| 041 | _2eng | ||
| 041 | _aeng | ||
| 084 | _qCRL | ||
| 100 |
_aArora Aastha Au.; Mishra Ritesh Kumar Gu. _91238122 |
||
| 245 | 0 | _aDeterminants of International Trade Flows in India: An Empirical Study | |
| 260 | _c2024 | ||
| 300 | _a141p. | ||
| 650 | _aBusiness | ||
| 700 |
_aUniversity of Delhi. Faculty of Commerce and Business Studies. Deptt. of Finance and Business Economics _91237194 |
||
| 942 | _cTH | ||
| 999 |
_c1850314 _d1850314 |
||